000 00471nam a2200193Ia 4500
005 20240823022013.0
008 240823s9999||||xx |||||||||||||| ||und||
020 _a81-203-1812-9
041 _aENGLISH
082 _A658.3 P6
100 _aSrinivas R Kandula
245 0 _aStrategic Human Resource Development
250 _a1st
260 _c2006
_b"PHI,New D"
500 _aYES
650 _aHuman Resources
_bManagement Studies
942 _cBK
999 _c178172
_d178172